000 00381nam a2200121Ia 4500
008 220214s9999 xx 000 0 und d
100 _aZakjarenko NV
245 0 _aEffect of storage period of the latex articles on their physico-chemical properties(Translated from Russian)
260 _bTranslated from Russian by INSDOC
300 _a5p
700 _aNikolaeva YuK
942 _cRE
999 _c46252
_d46252